OECD Territorial Reviews: Ukraine 2013

Titel: OECD Territorial Reviews: Ukraine 2013
Veröffentlicht: [Paris] : OECD Publishing, 2014
Umfang: 178 S. : Ill., graph. Darst.
Format: Buch
Sprache: Englisch
Schriftenreihe/
mehrbändiges Werk:
OECD Territorial Reviews
Schlagworte:
Andere Ausgaben: Online-Ausg. ---> OECD Territorial Reviews: Ukraine 2013
ISBN: 9264204822 ; 9789264204829 ; 9789264204836 (Sekundärausgabe)
Buchumschlag
X
Lokale Klassifikation: 42 2 A ; 42 7 S ; 42 7 V ; 42 13 A
alg: 34121452
001A    $03004:17-06-14 
001B    $01999:09-06-23 $t21:45:08.000 
001C    $03004:17-06-14 $t13:25:08.000 
001D    $03004:17-06-14 
001U    $0utf8 
001X    $00 
002@    $0Aau 
003@    $0341214523 
003O    $0881443347 $aOCoLC 
004A    $092-64-20482-2 
004A    $A978-92-64-20482-9 
004H    $0978-92-64-20483-6 
007A    $0787980420 $aGBV 
007G    $0DE020DE4D6FF0539E9000C1257D020033AD58 
009P    $qapplication/pdf $A2 $3Inhaltsverzeichnis $uhttp://scans.hebis.de/HEBCGI/show.pl?34121452_toc.pdf $mV:DE-603;B:DE-Mb50 
010@    $aeng 
011@    $a2014 
021A    $aOECD Territorial Reviews: Ukraine 2013 
033A    $p[Paris] $nOECD Publishing 
034D    $a178 S. 
034M    $aIll., graph. Darst. 
036G    $aOECD Territorial Reviews 
037A    $aLiteraturverz. S. 175-178 
039D    $aOnline-Ausg. ---> OECD Territorial Reviews $cUkraine 2013 
041A    $RWirtschaftswachstum $#Economic development $#Développement économique $#Wirtschaftliche Entwicklung $#Wirtschaftsdynamik $#Wirtschaftswandel $#Wirtschaftlicher Wandel $#Ökonomische Entwicklung $74066438-7 $8Wirtschaftsentwicklung [Ts1] $9085186708 
041A/01 $RRaumordnung $RPlanungsregion $#Regional planning $#Aménagement du territoire $#regional planning $#Regionalplanung $#Regionalplanung $#Bezirksplanung $#Regionalentwicklungsplanung $#Territorialplanung $74049040-3 $8Regionalplanung [Ts1] $9085136719 
045F    $a910.9477 $eDDC23BSB 
045F/01 $a910 
045F/03 $g477 
045G    $a900.94770905 $eDDC23BSB 
045G/01 $a900 
045G/03 $f0905 
045G/03 $g477 
045H    $a909 $eDDC23BSB 
045H/01 $a909 
045H/03 $g477 
045I    $a330.09477 $eDDC23BSB 
045I/01 $a330.09 
045I/03 $g477 

lok: 34121452 24
101B    $017-06-14 $t13:25:44.000 
101C    $017-06-14 
101U    $0utf8 
145Z/01 $a42 2 A 
145Z/02 $a42 7 S 
145Z/03 $a42 7 V 
145Z/04 $a42 13 A 

exp: 34121452 24 1 #EPN
201B/01 $017-06-14 $t13:28:21.000 
201C/01 $017-06-14 
201U/01 $0utf8 
203@/01 $0733091679 
208@/01 $a17-06-14 $bz 
209A/01 $a14.05870 $du $f050 $h14 05870 $x00 
209C/01 $a14.05870 T $h14 05870 T 
209G/01 $a73415497 $x00 
220C/01 $ahae 
247C/01 $8358050-7 Marburg, Bibliothek des Herder-Instituts Marburg $9102600961
LEADER 00000cam a2200000 c 4500
001 341214523
003 DE-603
005 20230609214508.0
007 tu
008 140617s2014 xx |||| | u00||u|eng c
020 |a 9264204822 
020 |a 9789264204829 
020 |z 9789264204836 (Sekundärausgabe) 
035 |a (DE-599)GBV787980420 
035 |a (OCoLC)881443347 
040 |a DE-603  |b ger  |c DE-603  |d DE-603 
041 |a eng 
082 0 4 |8 1\u  |a 910.9477  |q DE-101  |2 23/BSB 
083 0 |8 2\u  |a 900.94770905  |q DE-101  |2 23/BSB 
083 0 |8 3\u  |a 909  |q DE-101  |2 23/BSB 
083 0 |8 4\u  |a 330.09477  |q DE-101  |2 23/BSB 
085 |8 1\u  |b 910 
085 |8 1\u  |z 2  |s 477 
085 |8 2\u  |b 900 
085 |8 2\u  |z 1  |s 0905 
085 |8 2\u  |z 2  |s 477 
085 |8 3\u  |b 909 
085 |8 3\u  |z 2  |s 477 
085 |8 4\u  |b 330.09 
085 |8 4\u  |z 2  |s 477 
245 0 0 |a OECD Territorial Reviews: Ukraine 2013 
264 1 |a [Paris]  |b OECD Publishing  |c 2014 
300 |a 178 S.  |b Ill., graph. Darst. 
490 0 |a OECD Territorial Reviews 
500 |a Literaturverz. S. 175-178 
533 |n ISBN (falsch) 9789264204836 
650 7 |a Wirtschaftsentwicklung  |0 (DE-588)4066438-7  |0 (DE-603)085186708  |2 gnd 
650 7 |a Regionalplanung  |0 (DE-588)4049040-3  |0 (DE-603)085136719  |2 gnd 
776 0 8 |i Online-Ausg. ---> OECD Territorial Reviews  |t Ukraine 2013 
856 4 2 |m V:DE-603;B:DE-Mb50  |q application/pdf  |u http://scans.hebis.de/HEBCGI/show.pl?34121452_toc.pdf  |3 Inhaltsverzeichnis 
924 0 |9 Mb 50  |a (DE-603)733091679  |b DE-Mb50  |c HES  |d c  |g 14.05870